Statistics for Star Wars Species by Description

Click here to take the quiz!

General Stats

  • This quiz has been taken 21 times
  • The average score is 7 of 20

Answer Stats

HintAnswer% Correct
Primitive teddy bears that mistook C-3PO for a divine beingEwok
95%
"Walking carpets" known for their strength and loyaltyWookiee
95%
Large, slug-like beings that are often gangsters.Hutt
89%
Desert scavengers that travel in giant sandcrawlers and re-sell droids to farmersJawa
68%
Desert nomads that travel in single file to hide their numbersTusken Raider
68%
Amphibious species that lives on Naboo.Gungan
58%
Thin, long-necked species known for their mastery of cloningKaminoan
32%
Fishlike species whose retrofitted space cruisers were integral to the Rebel Alliance fleetMon Calamari
26%
Short, winged species immune to Jedi mind tricksToydarian
26%
Humanoids with two tail-like appendages on their heads. Females often have brightly colored skinTwi'lek
26%
Near-human species with red eyes, blue skin, and blue hair.Chiss
21%
Aquatic humanoid species nicknamed "squid heads" because of their facial tentaclesQuarren
21%
Humanoids with a distinctive crown of small horns on their headsZabrak
21%
Short creatures with long snouts that walk on their armsDug
16%
Species with bulbous red eyes, greenish gray skin and no nose. Many of them work for the Trade Federation.Neimoidian
16%
Humanoids with large, mouse-like eyes and two flaps of jowls on their cheeksSullustan
16%
Humanoids with bright red/orange skin, white horns and head tailsTogruta
16%
Humanoids with large, conical heads, that had two hearts and binary brainsCerean
11%
Humanoids with long ears that look like Yoda's species but with pink skinLannik
11%
Short humanoid species with four arms and prehensile feet, that make good pilots.Ardennian
5%

Score Distribution

Percentile by Number Answered

Percent of People with Each Score

Your Score History

You have not taken this quiz